| 000 | 01160nam a2200229Ia 4500 | ||
|---|---|---|---|
| 003 | Ost | ||
| 005 | 20260507075020.0 | ||
| 008 | 260507s9999||||xx |||||||||||||| ||und|| | ||
| 040 | _cfsecg | ||
| 041 | _aara | ||
| 082 | _a332.4044 | ||
| 100 |
_aحنفي، عبد الغفار _eمؤلف |
||
| 245 | 0 |
_aبورصة الأوراق المالية : _bأسهم- سندات- وثائق الإستثمار-الخيارات / _c عبد الغفار حنفي |
|
| 260 |
_aالإسكندرية: _bدار الجامعة الجديدة للنشر, _c2003 |
||
| 300 |
_a488 صفحة؛ _bإيضاحات ؛ _c24 سم |
||
| 520 | _aالإستثمار وأسواق الأوراق المالية- قياس عائد ومخاطر الأوراق المالية- المستحدثات في نظرية الإستثمار وكفاءةأسواق رأس المال- المدخل لتحليل الأسهم- تحليل وتقويم السندات- أسواق رأس المال في مصر-الخيارات | ||
| 653 | _aالاستثمار | ||
| 653 | _aالأسواق المالية | ||
| 653 | _aالأوراق الماليةّ | ||
| 653 | _aالبورصات | ||
| 942 | _cكتاب | ||
| 999 |
_c42263 _d42263 |
||